| 000 | 00737nam a2200277Ia 4500 | ||
|---|---|---|---|
| 003 | OSt | ||
| 005 | 20220912151457.0 | ||
| 006 | a|||||r|||| 00| 0 | ||
| 007 | ta | ||
| 008 | 220909b |||||||| |||| 00| 0 eng d | ||
| 024 | _a38141 | ||
| 037 | _cTextual | ||
| 040 |
_aCSL _beng _cCSL |
||
| 041 | _aeng | ||
| 082 | _aE9Gg, M8 | ||
| 100 | _aKuchel Philip | ||
| 245 | 0 | _aSchaum's outline of theory and problems: A biochemistry | |
| 260 |
_aNew York _b McGraw Hill _c1988 |
||
| 300 |
_a555p. _ccm. |
||
| 490 | _aSchaum's Outline Series | ||
| 650 | _a Biochemistry | ||
| 650 | _aChemistry | ||
| 700 | _a Ralston G B | ||
| 942 |
_hE9Gg, M8 _cTEXL _2CC |
||
| 999 |
_c69382 _d69382 |
||